Az autentikusság és hitelesség kérdésének vizsgálata három magyarországi néptáncverseny kapcsán
Elmentve itt :
| Szerző: | |
|---|---|
| Dokumentumtípus: | Könyv része |
| Megjelent: |
2015
|
| Sorozat: | Táj és Népi Kultúra
10 DiákKörKép 2. : tudományos diákköri írások a néprajz szegedi műhelyéből 10 |
| Kulcsszavak: | Népművészet - magyar, Néptánc - magyar, Néprajz - magyar |
| Tárgyszavak: | |
| Online Access: | http://acta.bibl.u-szeged.hu/71257 |
| LEADER | 00931naa a2200229 i 4500 | ||
|---|---|---|---|
| 001 | acta71257 | ||
| 005 | 20220214130204.0 | ||
| 008 | 210115s2015 hu o 0|| hun d | ||
| 020 | |a 978 963 306 393 4 | ||
| 022 | |a 1785-0991 ; 2416-3414 | ||
| 040 | |a SZTE Egyetemi Kiadványok Repozitórium |b hun | ||
| 041 | |a hun | ||
| 100 | 1 | |a Székely Anna | |
| 245 | 1 | 3 | |a Az autentikusság és hitelesség kérdésének vizsgálata három magyarországi néptáncverseny kapcsán |h [elektronikus dokumentum] / |c Székely Anna |
| 260 | |c 2015 | ||
| 300 | |a 26-46 | ||
| 490 | 0 | |a Táj és Népi Kultúra |v 10 | |
| 490 | 0 | |a DiákKörKép 2. : tudományos diákköri írások a néprajz szegedi műhelyéből |v 10 | |
| 650 | 4 | |a Társadalomtudományok | |
| 650 | 4 | |a Szociológia | |
| 695 | |a Népművészet - magyar, Néptánc - magyar, Néprajz - magyar | ||
| 856 | 4 | 0 | |u http://acta.bibl.u-szeged.hu/71257/1/taj_es_nepi_kultura_010_026-046.pdf |z Dokumentum-elérés |